000 01233nam a2200301 a 4500
001 ebr10428655
003 CaPaEBR
006 m u
007 cr cn|||||||||
008 101206s2010 enka s 001 0 eng d
020 _z9781849512381
020 _z9781849512398 (e-book)
040 _aCaPaEBR
_cCaPaEBR
035 _a(OCoLC)702645290
050 1 4 _aQA76.73.P224
_bP43 2010eb
100 1 _aPeacock, Michael.
245 1 0 _aPHP 5 social networking
_h[electronic resource] :
_bcreate a powerful and dynamic social networking website in PHP by building a flexible framework /
_cMichael Peacock.
260 _aBirmingham [U.K.] :
_bPackt Pub.,
_c2010.
300 _ax, 433 p. :
_bill. (some col.)
500 _aIncludes index.
533 _aElectronic reproduction.
_bPalo Alto, Calif. :
_cebrary,
_d2010.
_nAvailable via World Wide Web.
_nAccess may be limited to ebrary affiliated libraries.
650 0 _aPHP (Computer program language)
650 0 _aOnline social networks.
650 0 _aWeb sites
_xDesign.
655 7 _aElectronic books.
_2local
710 2 _aebrary, Inc.
856 4 0 _uhttp://site.ebrary.com/lib/rucke/Doc?id=10428655
_zAn electronic book accessible through the World Wide Web; click to view
999 _c145734
_d145734